[Event "Vilnius op-A"]
[Site "Vilnius"]
[Date "2025.07.11"]
[Round "7"]
[White "Ser, Daniel"]
[Black "Held, Momme Fredrik"]
[Result "1-0"]
[WhiteElo "2046"]
[BlackElo "2006"]
[PlyCount "99"]
[EventDate "2025.07.07"]
[EventType "swiss"]
[EventRounds "9"]
[EventCountry "LTU"]
[SourceTitle "CB29_2025"]
[SourceDate "2025.07.16"]
[SourceVersion "1"]
[SourceVersionDate "2025.07.16"]
[SourceQuality "1"]

1. d4 d5 2. Bf4 Nf6 3. e3 g6 4. Nc3 Bg7 5. h4 h5 6. Nf3 0-0 7. Be2 c5 8. dxc5 Qa5 9. 0-0 Qxc5 10. Nb5 a6 11. Nc7 Ra7 12. a3 Bf5 13. Nd4 Bg4 14. f3 Bd7 15. b4 Qb6 16. b5 axb5 17. Rb1 Rc8 18. Ncxb5 Bxb5 19. Nxb5 e5 20. Nxa7 Qxa7 21. Bg5 Nc6 22. Kh1 Rd8 23. Qd3 Rd7 24. Rfd1 Nh7 25. Qb3 Qc5 26. Bb5 Nxg5 27. hxg5 d4 28. Qc4 Qe7 29. Bxc6 bxc6 30. f4 dxe3 31. Rxd7 Qxd7 32. Qe4 Qg4 33. Qxe3 exf4 34. Qe8+ Kh7 35. Qxf7 Qxg5 36. Rf1 Qh4+ 37. Kg1 Qg5 38. Rxf4 Qc5+ 39. Kh2 Qxc2 40. Qe7 c5 41. Rf7 Qc3 42. a4 c4 43. a5 Qd4 44. a6 c3 45. a7 c2 46. Qg5 Qa1 47. Rc7 Qa3 48. Qe5 Qf8 49. a8Q c1Q 50. Qxf8 1-0

[Event "Vilnius op-A"]
[Site "Vilnius"]
[Date "2025.07.10"]
[Round "5"]
[White "Ser, Daniel"]
[Black "Kavalnis, Rytis"]
[Result "1-0"]
[WhiteElo "2046"]
[BlackElo "1912"]
[PlyCount "109"]
[EventDate "2025.07.07"]
[EventType "swiss"]
[EventRounds "9"]
[EventCountry "LTU"]
[SourceTitle "CB29_2025"]
[SourceDate "2025.07.16"]
[SourceVersion "1"]
[SourceVersionDate "2025.07.16"]
[SourceQuality "1"]

1. d4 d5 2. Bf4 Nf6 3. e3 c5 4. Nf3 Nc6 5. Nbd2 e6 6. c3 cxd4 7. exd4 Qb6 8. Qb3 Qxb3 9. axb3 Nh5 10. Be3 Bd6 11. Bb5 0-0 12. 0-0 f5 13. Nb1 Nf6 14. Ne5 Nxe5 15. dxe5 Bxe5 16. Bc5 Rf7 17. Rxa7 Rxa7 18. Bxa7 b6 19. Bxb6 Rb7 20. Ba6 Rxb6 21. Bxc8 Kf7 22. Nd2 Rc6 23. Nf3 Bb8 24. Bxe6+ Kxe6 25. Nd4+ Kd7 26. Nxc6 Kxc6 27. Ra1 Bc7 28. Ra8 Ne4 29. f3 Bb6+ 30. Kf1 Nd2+ 31. Ke2 Nxb3 32. Rf8 g6 33. Rf6+ Kb5 34. Rf7 Nc5 35. Rxh7 Na4 36. Rg7 Nxb2 37. Rxg6 Ba5 38. Kd2 Na4 39. Kd3 Bxc3 40. Rd6 d4 41. Rxd4 Bxd4 42. Kxd4 Kc6 43. Ke5 Kd7 44. Kf6 f4 45. h4 Ke8 46. Kg7 Nc5 47. h5 Ne6+ 48. Kg8 Nf8 49. h6 Ke7 50. h7 Nxh7 51. Kxh7 Kf6 52. Kh6 Kf5 53. Kh5 Ke6 54. Kg4 Ke5 55. Kg5 1-0

[Event "Vilnius op-A"]
[Site "Vilnius"]
[Date "2025.07.08"]
[Round "2"]
[White "Krivonosov, Oleg"]
[Black "Ser, Daniel"]
[Result "1/2-1/2"]
[WhiteElo "2333"]
[BlackElo "2046"]
[PlyCount "155"]
[EventDate "2025.07.07"]
[EventType "swiss"]
[EventRounds "9"]
[EventCountry "LTU"]
[SourceTitle "CB29_2025"]
[SourceDate "2025.07.16"]
[SourceVersion "1"]
[SourceVersionDate "2025.07.16"]
[SourceQuality "1"]

1. Nf3 d5 2. d4 Nf6 3. c4 e6 4. g3 Bd6 5. Bg2 0-0 6. 0-0 Nc6 7. Bg5 h6 8. Bxf6 Qxf6 9. cxd5 exd5 10. Nc3 Ne7 11. e4 dxe4 12. Nxe4 Qf5 13. Re1 Be6 14. Nxd6 cxd6 15. d5 Nxd5 16. Nd4 Qf6 17. Qd2 Nb6 18. b3 d5 19. a4 Rad8 20. f4 Nc8 21. Qe3 Rfe8 22. Qe5 Nd6 23. Qxf6 gxf6 24. Rac1 f5 25. Rc7 Rc8 26. Rec1 Rxc7 27. Rxc7 Rc8 28. Rxc8+ Nxc8 29. Kf2 Kf8 30. Ke3 Ke7 31. Bh3 Nd6 32. a5 Bd7 33. Bf1 Ne4 34. Bd3 Kd6 35. b4 b6 36. axb6 axb6 37. Bc2 Ke7 38. Nf3 Kd6 39. Kd4 Be6 40. Ba4 Nf6 41. Ne5 Ng4 42. Nf3 Nf6 43. Bb5 Ng4 44. Bf1 Nf2 45. Be2 Ng4 46. Bd3 Nf2 47. Bb1 Ng4 48. Bc2 Nf2 49. Nh4 Ne4 50. Bd3 Bd7 51. Ng2 Nf2 52. Ne3 Nxd3 53. Kxd3 Kc6 54. Kc3 Be6 55. Nc2 Kd6 56. Nd4 Bd7 57. Kd3 Bc8 58. Ke3 Bd7 59. Kf3 Ke7 60. Kf2 Kf6 61. Nf3 Be6 62. Ke3 Ke7 63. Kd4 Kd6 64. Ne5 f6 65. Nf3 Kc6 66. Kc3 Bd7 67. Nd4+ Kd6 68. Kd3 Bc8 69. Ke3 Bd7 70. Ne2 Kc6 71. Nc3 Be8 72. Kd4 Bf7 73. Ne2 Bh5 74. Nc3 Bf3 75. Kd3 Bg2 76. Ke3 Be4 77. Kd4 Bf3 78. Ke3 1/2-1/2

[Event "Titled Tuesday intern op 01st Apr Early"]
[Site "Chess.com INT"]
[Date "2025.04.01"]
[Round "3"]
[White "Maksimovic, Bojan"]
[Black "Ser, Daniel"]
[Result "1-0"]
[WhiteElo "2505"]
[BlackElo "2011"]
[PlyCount "91"]
[EventDate "2025.04.01"]
[EventType "swiss (blitz)"]
[EventRounds "11"]
[EventCountry "USA"]
[SourceTitle "CB15_2025"]
[SourceDate "2025.04.09"]
[SourceVersion "1"]
[SourceVersionDate "2025.04.09"]
[SourceQuality "1"]

1. a3 d5 2. h3 Bf5 3. e3 e6 4. Nf3 Nf6 5. c4 Bd6 6. Nc3 c6 7. b3 Nbd7 8. Bb2 h6 9. Be2 0-0 10. 0-0 Bh7 11. d3 Qe7 12. cxd5 exd5 13. b4 a6 14. Na4 Rfe8 15. Qc2 Nh5 16. Rfe1 Rad8 17. Bd4 Bb8 18. Nc5 Nxc5 19. bxc5 Rd7 20. Rab1 Bg6 21. Rb4 f5 22. Reb1 f4 23. Qb3 fxe3 24. Bxe3 Ng3 25. Bd1 Nf5 26. Bd2 b5 27. cxb6 Qd6 28. Bf4 Qe7 29. Bxb8 Rxb8 30. b7 Bh5 31. g4 Nd6 32. gxh5 Rdxb7 33. Qc3 Rxb4 34. Rxb4 Rf8 35. Rg4 Nf5 36. Qxc6 Qf7 37. Qg6 Qe7 38. Kg2 Qxa3 39. Nd4 Ne3+ 40. fxe3 Qb2+ 41. Be2 Rf7 42. Qe6 Qc1 43. Rf4 Kh8 44. Qe8+ Kh7 45. Rxf7 Qg1+ 46. Kxg1 1-0

[Event "Titled Tuesday intern op 01st Apr Early"]
[Site "Chess.com INT"]
[Date "2025.04.01"]
[Round "1"]
[White "Theodorou, Nikolas"]
[Black "Ser, Daniel"]
[Result "1-0"]
[WhiteElo "2611"]
[BlackElo "2011"]
[PlyCount "67"]
[EventDate "2025.04.01"]
[EventType "swiss (blitz)"]
[EventRounds "11"]
[EventCountry "USA"]
[SourceTitle "CB15_2025"]
[SourceDate "2025.04.09"]
[SourceVersion "1"]
[SourceVersionDate "2025.04.09"]
[SourceQuality "1"]

1. Nf3 Nf6 2. b3 d5 3. Bb2 c5 4. e3 Nc6 5. Bb5 Qc7 6. c4 dxc4 7. bxc4 a6 8. Ba4 Bd7 9. 0-0 e6 10. Nc3 Bd6 11. d4 0-0 12. Rc1 Rad8 13. h3 Na5 14. Bb3 Bc6 15. Qe2 Nxb3 16. axb3 Ne4 17. Rfd1 Qe7 18. Ne1 Nxc3 19. Bxc3 Qg5 20. f4 Qh4 21. Qf2 Qh6 22. Nf3 cxd4 23. Bxd4 Bb8 24. Ne5 Be4 25. Qg3 Bxe5 26. Bxe5 Qg6 27. Qf2 h5 28. Bd4 Rd7 29. Kh2 Rfd8 30. Rd2 h4 31. Qxh4 b5 32. c5 b4 33. c6 Rc7 34. Qxd8+ 1-0

[Event "Titled Tuesday intern op 25th Mar Early"]
[Site "Chess.com INT"]
[Date "2025.03.25"]
[Round "9"]
[White "Suvradeepta, Das"]
[Black "Ser, Daniel"]
[Result "1-0"]
[WhiteElo "2324"]
[BlackElo "2011"]
[PlyCount "59"]
[EventDate "2025.03.25"]
[EventType "swiss (blitz)"]
[EventRounds "11"]
[EventCountry "USA"]
[SourceTitle "CB14_2025"]
[SourceDate "2024.11.01"]
[SourceVersion "1"]
[SourceVersionDate "2024.11.01"]
[SourceQuality "1"]

1. Nf3 Nf6 2. b3 d5 3. Bb2 Bg4 4. e3 e6 5. Be2 Nbd7 6. 0-0 Bd6 7. h3 Bh5 8. d3 0-0 9. Nbd2 e5 10. e4 c6 11. Re1 Re8 12. Nh2 Bxe2 13. Qxe2 Nf8 14. Ndf1 Ng6 15. Bc1 Qb6 16. Ng3 Bb4 17. Rf1 Nf4 18. Qf3 dxe4 19. Nxe4 Nxe4 20. Qxe4 Bc3 21. Rb1 Nd5 22. Nf3 Rad8 23. Qc4 Bd4 24. Bd2 Nf6 25. Rbe1 e4 26. Nxd4 Rxd4 27. Be3 Rxc4 28. Bxb6 Rxc2 29. Bxa7 exd3 30. Rd1 1-0

[Event "Titled Tuesday intern op 25th Feb Early"]
[Site "Chess.com INT"]
[Date "2025.02.25"]
[Round "5"]
[White "Ser, Daniel"]
[Black "Csonka, Balazs"]
[Result "0-1"]
[WhiteElo "2009"]
[BlackElo "2473"]
[PlyCount "54"]
[EventDate "2025.02.25"]
[EventType "swiss (blitz)"]
[EventRounds "11"]
[EventCountry "USA"]
[SourceTitle "CB10_2025"]
[SourceDate "2025.03.05"]
[SourceVersion "1"]
[SourceVersionDate "2025.03.05"]
[SourceQuality "1"]

1. d4 d5 2. Bf4 h5 3. Nf3 Nf6 4. e3 c5 5. Nbd2 Nc6 6. c3 Qb6 7. Qb3 c4 8. Qc2 g6 9. e4 Nxe4 10. Nxe4 Bf5 11. Nfd2 dxe4 12. Nxc4 Qd8 13. 0-0-0 e6 14. Ne3 Bd6 15. Bxd6 Qxd6 16. d5 Ne5 17. Bb5+ Kf8 18. dxe6 Qxe6 19. Nxf5 gxf5 20. Rhe1 Qxa2 21. Rd4 Rh6 22. f3 Rb6 23. Bf1 Rc8 24. fxe4 Qa1+ 25. Qb1 Rxc3+ 26. Kd2 Rxb2+ 27. Kxc3 Rxb1+ 0-1

[Event "Titled Tuesday intern op 25th Feb Early"]
[Site "Chess.com INT"]
[Date "2025.02.25"]
[Round "1"]
[White "Wainer, Daniel"]
[Black "Ser, Daniel"]
[Result "0-1"]
[WhiteElo "2105"]
[BlackElo "2009"]
[PlyCount "32"]
[EventDate "2025.02.25"]
[EventType "swiss (blitz)"]
[EventRounds "11"]
[EventCountry "USA"]
[SourceTitle "CB10_2025"]
[SourceDate "2025.03.05"]
[SourceVersion "1"]
[SourceVersionDate "2025.03.05"]
[SourceQuality "1"]

1. e4 c6 2. d4 d5 3. Nc3 dxe4 4. Nxe4 Nf6 5. Nxf6+ exf6 6. Nf3 Bd6 7. Bd3 0-0 8. 0-0 Re8 9. h3 Nd7 10. c4 Nf8 11. Be3 Be6 12. Qd2 Qd7 13. Rad1 Bxh3 14. gxh3 Qxh3 15. Be2 Re4 16. Ne5 Rh4 0-1

[Event "Titled Tuesday intern op 04th Feb Early"]
[Site "Chess.com INT"]
[Date "2025.02.04"]
[Round "4"]
[White "Nagare, Kaivalya Sandip"]
[Black "Ser, Daniel"]
[Result "1-0"]
[WhiteElo "2352"]
[BlackElo "2009"]
[PlyCount "65"]
[EventDate "2025.02.04"]
[EventType "swiss (blitz)"]
[EventRounds "11"]
[EventCountry "USA"]
[SourceTitle "CB07_2025"]
[SourceDate "2025.02.12"]
[SourceVersion "1"]
[SourceVersionDate "2025.02.12"]
[SourceQuality "1"]

1. e3 e5 2. d4 exd4 3. exd4 d5 4. Nf3 Nf6 5. Bd3 Bd6 6. 0-0 0-0 7. h3 Re8 8. c4 c6 9. Nc3 Nbd7 10. cxd5 Nxd5 11. Ne4 N7f6 12. Nxf6+ Nxf6 13. Qc2 Bc7 14. Bg5 Qd6 15. Rae1 Bd7 16. Bxf6 Qxf6 17. Bxh7+ Kf8 18. Be4 Qf4 19. g3 Qd6 20. Kg2 Rad8 21. Bf5 Bxf5 22. Qxf5 g6 23. Qg5 Bb6 24. Qh6+ Kg8 25. Ng5 Qf6 26. Ne4 Qxd4 27. Qf4 Re6 28. Re2 Qd5 29. f3 Kg7 30. Rfe1 Rde8 31. h4 f5 32. Nc3 R6e7 33. Rxe7+ 1-0

[Event "Titled Tuesday intern op 04th Feb Early"]
[Site "Chess.com INT"]
[Date "2025.02.04"]
[Round "3"]
[White "Ser, Daniel"]
[Black "Modric, Nesa"]
[Result "1-0"]
[WhiteElo "2009"]
[BlackElo "2088"]
[PlyCount "81"]
[EventDate "2025.02.04"]
[EventType "swiss (blitz)"]
[EventRounds "11"]
[EventCountry "USA"]
[SourceTitle "CB07_2025"]
[SourceDate "2025.02.12"]
[SourceVersion "1"]
[SourceVersionDate "2025.02.12"]
[SourceQuality "1"]

1. d4 d5 2. c4 e6 3. Nf3 Nf6 4. g3 Be7 5. Bg2 0-0 6. 0-0 dxc4 7. Qc2 a6 8. a4 Bd7 9. Ne5 Nc6 10. Qxc4 Nxe5 11. dxe5 Nd5 12. Nc3 Bc6 13. Rd1 Nb6 14. Qf4 Qe8 15. Be3 Bxg2 16. Kxg2 Qc6+ 17. Qf3 Qxf3+ 18. exf3 Rfd8 19. Ne4 Nc4 20. f4 Nxb2 21. Rdb1 Nc4 22. Rxb7 Nxe3+ 23. fxe3 Rd3 24. Kf3 a5 25. Rxc7 Bb4 26. Rac1 h6 27. Rc8+ Rxc8 28. Rxc8+ Kh7 29. Nd6 Bxd6 30. Rd8 Kg6 31. exd6 Kf6 32. g4 e5 33. h4 Ke6 34. f5+ Kf6 35. Ke4 Rd1 36. g5+ hxg5 37. hxg5+ Kxg5 38. Kxe5 g6 39. fxg6 Kxg6 40. e4 Rd2 41. Ra8 1-0

[Event "Titled Tuesday intern op 28th Jan Early"]
[Site "Chess.com INT"]
[Date "2025.01.28"]
[Round "2"]
[White "Aliyev, Ravan"]
[Black "Ser, Daniel"]
[Result "0-1"]
[WhiteElo "2365"]
[BlackElo "2009"]
[PlyCount "116"]
[EventDate "2025.01.28"]
[EventType "swiss (blitz)"]
[EventRounds "11"]
[EventCountry "USA"]
[SourceTitle "CB06_2025"]
[SourceDate "2025.02.05"]
[SourceVersion "1"]
[SourceVersionDate "2025.02.05"]
[SourceQuality "1"]

1. Nf3 Nf6 2. b3 c5 3. Bb2 Nc6 4. g3 d6 5. Bg2 e5 6. d3 Be7 7. 0-0 0-0 8. c4 h6 9. Nc3 Be6 10. Nd2 Qd7 11. Nd5 Bh3 12. Nxe7+ Nxe7 13. f4 Bxg2 14. Kxg2 Ng4 15. Rf3 Nf5 16. Qg1 Rae8 17. e4 Nd4 18. Bxd4 cxd4 19. Nf1 f5 20. h3 fxe4 21. dxe4 Nf6 22. Nd2 Qc6 23. Re1 Nd7 24. f5 Nc5 25. b4 Nd7 26. Qf1 Qa4 27. a3 a5 28. Rb1 Nf6 29. Qd3 axb4 30. Rxb4 Qd1 31. Rb1 Qa4 32. Rxb7 Qa5 33. Rb5 Qa4 34. Qb3 Qa7 35. a4 Qa8 36. Qc2 Rc8 37. Qd3 Qxa4 38. g4 Qa1 39. Rb1 Qa2 40. Rf2 Rfe8 41. Kg3 Qa8 42. h4 d5 43. exd5 e4 44. Qxd4 e3 45. Re2 exd2 46. Rxe8+ Rxe8 47. Qxd2 Qa3+ 48. Kg2 Ne4 49. Qf4 Qa2+ 50. Kh3 Qxb1 51. Qf3 Qc2 52. f6 Nxf6 53. d6 Qc1 54. d7 Nxd7 55. Qd5+ Kh8 56. Qxd7 Re3+ 57. Kg2 Re2+ 58. Kf3 Qe3# 0-1

[Event "Titled Tuesday intern op 14th Jan Early"]
[Site "Chess.com INT"]
[Date "2025.01.14"]
[Round "7"]
[White "Nagare, Akhilesh"]
[Black "Ser, Daniel"]
[Result "1-0"]
[WhiteElo "2211"]
[BlackElo "2009"]
[PlyCount "101"]
[EventDate "2025.01.14"]
[EventType "swiss (blitz)"]
[EventRounds "11"]
[EventCountry "USA"]
[SourceTitle "CB04_2025"]
[SourceDate "2025.01.22"]
[SourceVersion "1"]
[SourceVersionDate "2025.01.22"]
[SourceQuality "1"]

1. e4 c5 2. Nf3 Nc6 3. Bb5 g6 4. 0-0 Bg7 5. Re1 Nf6 6. Nc3 0-0 7. e5 Ne8 8. d3 Nc7 9. Bxc6 dxc6 10. Ne4 b6 11. h3 Ne6 12. a4 Nd4 13. a5 Be6 14. Nxd4 cxd4 15. Ng3 Bd5 16. Bf4 e6 17. Qd2 c5 18. b3 Qc7 19. Nf1 Qc6 20. f3 b5 21. Nh2 a6 22. Ng4 h5 23. Nf6+ Bxf6 24. exf6 Kh7 25. Bh6 Rg8 26. Re5 Qc7 27. Rae1 c4 28. Bf4 Qc5 29. Qf2 Rh8 30. Qg3 Kg8 31. Qg5 Rc8 32. Kh2 cxd3 33. cxd3 Qb4 34. Bd2 Qxb3 35. Qf4 Qxd3 36. Bb4 Qb3 37. Qxd4 Rc4 38. Qa7 Qxb4 39. Rxe6 Bxe6 40. Rxe6 Qf8 41. Re7 b4 42. Qe3 Rc8 43. Qb3 Re8 44. Rb7 Rh7 45. Rb6 Kh8 46. Qc4 Re6 47. Qxa6 Rxb6 48. Qxb6 g5 49. a6 b3 50. a7 b2 51. Qb8 1-0

[Event "Titled Tuesday intern op 14th Jan Early"]
[Site "Chess.com INT"]
[Date "2025.01.14"]
[Round "6"]
[White "Ser, Daniel"]
[Black "Ryan, Joseph"]
[Result "1/2-1/2"]
[WhiteElo "2009"]
[BlackElo "2207"]
[PlyCount "97"]
[EventDate "2025.01.14"]
[EventType "swiss (blitz)"]
[EventRounds "11"]
[EventCountry "USA"]
[SourceTitle "CB04_2025"]
[SourceDate "2025.01.22"]
[SourceVersion "1"]
[SourceVersionDate "2025.01.22"]
[SourceQuality "1"]

1. d4 c5 2. dxc5 Nf6 3. Nf3 g6 4. Nc3 Bg7 5. e4 Nc6 6. Be2 Qa5 7. Be3 Nxe4 8. 0-0 Nxc3 9. bxc3 Qxc3 10. Rb1 0-0 11. Bd3 b6 12. Rb3 Qf6 13. Bg5 Qe6 14. Re1 Qd5 15. cxb6 axb6 16. a3 Ba6 17. Bxa6 Qxd1 18. Rxd1 Rxa6 19. Rxd7 e6 20. Be3 b5 21. Nd4 Nxd4 22. Bxd4 Bxd4 23. Rxd4 Rc8 24. h3 Rxc2 25. Rxb5 Rxa3 26. Rf4 Rc7 27. h4 h5 28. g3 Kg7 29. Kg2 Rac3 30. Rf3 Rxf3 31. Kxf3 Rc4 32. Ke3 Ra4 33. f4 Kf6 34. Kf3 Ra3+ 35. Kg2 Rc3 36. Kf2 Ra3 37. Kg2 Rd3 38. Kf2 Rd5 39. Rb7 Rd3 40. Rb5 Rc3 41. Kg2 Ke7 42. Rb7+ Kf6 43. Rb5 Ra3 44. Kf2 Kg7 45. Rb7 Rc3 46. Kg2 Rd3 47. Kf2 Ra3 48. Kg2 Kf6 49. Rb5 1/2-1/2

[Event "Titled Tuesday intern op 07th Jan Early"]
[Site "Chess.com INT"]
[Date "2025.01.07"]
[Round "2"]
[White "Ser, Daniel"]
[Black "Csonka, Balazs"]
[Result "1-0"]
[WhiteElo "2009"]
[BlackElo "2476"]
[PlyCount "71"]
[EventDate "2025.01.07"]
[EventType "swiss (blitz)"]
[EventRounds "11"]
[EventCountry "USA"]
[SourceTitle "CB03_2025"]
[SourceDate "2025.01.15"]
[SourceVersion "1"]
[SourceVersionDate "2025.01.15"]
[SourceQuality "1"]

1. d4 Nf6 2. Bf4 d5 3. e3 e6 4. Nf3 Bd6 5. Nbd2 0-0 6. c3 c5 7. Bg3 Qc7 8. Bxd6 Qxd6 9. dxc5 Qxc5 10. Bd3 Nbd7 11. e4 dxe4 12. Nxe4 Nxe4 13. Bxe4 Nf6 14. Bc2 e5 15. Qe2 e4 16. Nd4 Re8 17. 0-0 Bd7 18. h3 Re7 19. Rad1 Rae8 20. Rfe1 h6 21. Bb3 a5 22. a3 Qb6 23. Qe3 a4 24. Bc4 Qxb2 25. Rb1 Qxa3 26. Rb4 Rc8 27. Nc2 Qxb4 28. Bxf7+ Rxf7 29. Nxb4 Be6 30. Qb6 Bb3 31. Re3 Ra8 32. Re1 a3 33. Ra1 a2 34. Qb5 Rd7 35. Nxa2 Rxa2 36. Qxb3+ 1-0

[Event "Titled Tuesday intern op 07th Jan Early"]
[Site "Chess.com INT"]
[Date "2025.01.07"]
[Round "1"]
[White "Ser, Daniel"]
[Black "Hehir, Michael"]
[Result "1-0"]
[WhiteElo "2009"]
[BlackElo "2009"]
[PlyCount "41"]
[EventDate "2025.01.07"]
[EventType "swiss (blitz)"]
[EventRounds "11"]
[EventCountry "USA"]
[SourceTitle "CB03_2025"]
[SourceDate "2025.01.15"]
[SourceVersion "1"]
[SourceVersionDate "2025.01.15"]
[SourceQuality "1"]

1. d4 Nf6 2. Bf4 g6 3. Nc3 Bg7 4. e4 d6 5. Qd2 Nbd7 6. 0-0-0 e5 7. dxe5 dxe5 8. Bxe5 Qe7 9. Bxc7 0-0 10. Bd6 Qe6 11. Bxf8 Bxf8 12. f3 Bb4 13. Qd4 Bxc3 14. Qxc3 Qxa2 15. Bc4 Qa1+ 16. Kd2 Qa4 17. Ne2 Nb6 18. Bb3 Qe8 19. Qxf6 a5 20. Kc1 Bd7 21. Qxb6 1-0

[Event "Titled Tuesday intern op 07th Jan Early"]
[Site "Chess.com INT"]
[Date "2025.01.07"]
[Round "10"]
[White "Ser, Daniel"]
[Black "Silva, Lucas"]
[Result "1-0"]
[WhiteElo "2009"]
[BlackElo "2254"]
[PlyCount "113"]
[EventDate "2025.01.07"]
[EventType "swiss (blitz)"]
[EventRounds "11"]
[EventCountry "USA"]
[SourceTitle "CB03_2025"]
[SourceDate "2025.01.15"]
[SourceVersion "1"]
[SourceVersionDate "2025.01.15"]
[SourceQuality "1"]

1. d4 d5 2. Bf4 c5 3. e3 Nc6 4. Nf3 cxd4 5. exd4 Bg4 6. c3 e6 7. Nbd2 Nf6 8. Qb3 Bd6 9. Qxb7 Bxf4 10. Qxc6+ Kf8 11. h3 Bf5 12. Be2 Rb8 13. Nb3 g5 14. g3 Bd6 15. Nxg5 Ne4 16. Nxe4 Bxe4 17. Rg1 Rb6 18. Qa4 Qg5 19. Qxa7 Rb8 20. Qd7 Rd8 21. Qb5 Kg7 22. h4 Qg6 23. Nd2 Rb8 24. Qa6 Rhd8 25. Nxe4 dxe4 26. 0-0-0 Ra8 27. Qc4 Rdc8 28. Qb3 Rcb8 29. Bb5 Qf5 30. a4 Qxf2 31. Qc2 Qf5 32. g4 Qf4+ 33. Kb1 Kh8 34. Rdf1 Qe3 35. Re1 Qh3 36. Qxe4 Qh2 37. Qc2 Qf4 38. Rgf1 Qxg4 39. Rxf7 Qg8 40. Ref1 Rf8 41. Rxf8 Rxf8 42. Rxf8 Qxf8 43. Bd3 Qf7 44. b4 e5 45. dxe5 Bxe5 46. a5 Qc7 47. a6 Qb6 48. b5 Qa5 49. Qb3 Bxc3 50. Kc2 Bd4 51. b6 Be3 52. b7 Qd2+ 53. Kb1 Qc1+ 54. Ka2 Bd4 55. b8Q+ Kg7 56. Q8g8+ Kf6 57. Qbe6# 1-0